| 000 | 00982nam a22002177a 4500 | ||
|---|---|---|---|
| 001 | 6818 | ||
| 003 | FISKH | ||
| 005 | 20250529123205.0 | ||
| 008 | 250529b cb ||||| |||| 00| 0 eng d | ||
| 020 | _a8126502258 | ||
| 040 |
_aFISKH _beng _cFISKH _dFISKH |
||
| 082 | _a600 | ||
| 100 | _aWillett, Edward C. | ||
| 245 |
_aOffice XP Bible / _cBy Edward C.Willett and Steve Cummings |
||
| 250 | _aFirst edition September ,2001 | ||
| 260 |
_aNew York : _bHungry Mind, Inc , _c2001. |
||
| 300 |
_a1348 pages : _billustrations ; _c24 cm . |
||
| 520 | _aThe Office XP Bible by Edward C. Willett and Steve Cummings is a comprehensive 1,392-page guide published in 2001, designed to assist users in mastering Microsoft Office XP applications. The book covers essential tools such as Word, Excel, Access, Outlook, PowerPoint, Publisher, and FrontPage, providing detailed instructions, tips, and techniques to enhance productivity and proficiency. | ||
| 942 |
_2ddc _cBK _n0 |
||
| 999 |
_c6818 _d6818 |
||